| 000 | 00707nam a22002057a 4500 | ||
|---|---|---|---|
| 005 | 20251108164921.0 | ||
| 008 | 250721s1990 xx 000 0 ara d | ||
| 082 | 1 | 4 | _a956/بريي |
| 100 | 1 | _aبرينت، بيتر | |
| 245 | 1 | 0 |
_aبلاد العرب القاصية : _bرحلات المستشرقين إلى بلاد العرب / |
| 264 | 1 |
_aبيروت : _bدار قتيبة، _c1990. |
|
| 300 | _a326ص | ||
| 650 | 1 | 7 | _aالتاريخ الإسلامي |
| 650 | 1 | 7 | _aتاريخ العرب |
| 650 | 1 | 7 | _aالإستشراق و المستشرقون |
| 700 | 1 |
_aعيسى، خالد أسعد _eترجمة |
|
| 700 | 1 |
_aسبانو، أحمد غسان _eترجمة |
|
| 942 |
_2ddc _cBK |
||
| 999 |
_c17407 _d17407 |
||